Chicago Cubs Season Home Run Leaders - Statistics

General Stats
  • This quiz has been taken 47 times
    16 since last reset
  • The average score is 68 of 136
Answer Stats
Year Player % Correct
2013 | 2014 | 2015 | 2017 Anthony Rizzo
100%
2016 Kris Bryant
100%
1955 | 1956 | 1957 | +6 others Ernie Banks
93%
1985 | 1989 | 1990 | 1992 Ryne Sandberg
93%
1993 | 1994 | 1995 | +8 others Sammy Sosa
93%
1963 | 1964 | 1965 | +3 others Billy Williams
86%
2019 Kyle Schwarber
86%
1966 | 1967 | 1969 Ron Santo
86%
2018 Javier Báez
79%
1987 | 1988 | 1991 Andre Dawson
71%
1915 | 1916 Cy Williams
71%
2005 | 2009 Derrek Lee
71%
2020 | 2024 Ian Happ
71%
1926 | 1927 | 1928 | +2 others Hack Wilson
64%
2025 Michael Busch
64%
2007 | 2008 | 2012 Alfonso Soriano
57%
Christopher Morel
50%
1978 | 1979 Dave Kingman
50%
1986 Jody Davis
50%
1983 | 1984 Ron Cey
50%
2006 | 2010 Aramis Ramírez
43%
2023 Cody Bellinger
43%
1924 | 1925 | 1933 | 1934 Gabby Hartnett
43%
1981 | 1982 Leon Durham
43%
2021 | 2022 Patrick Wisdom
43%
Frank Chance
36%
Gary Matthews
36%
Joe Tinker
36%
Johnny Evers
36%
2004 Moisés Alou
36%
1931 Rogers Hornsby
36%
Bill Buckner
29%
1977 Bobby Murcer
29%
2011 Carlos Peña
29%
1949 | 1951 | 1952 | 1954 Hank Sauer
29%
1948 | 1950 Andy Pafko
21%
1906 | 1907 | 1909 | +2 others Frank Schulte
21%
1973 | 1974 | 1976 Rick Monday
21%
Babe Herman
14%
1940 | 1941 | 1942 | +4 others Bill Nicholson
14%
1980 Jerry Martin
14%
1938 Ripper Collins
14%
1937 Augie Galan
7%
1935 Chuck Klein
7%
1920 Dave Robertson
7%
1936 Frank Demaree
7%
1923 Hack Miller
7%
1912 Heinie Zimmerman
7%
Max Flack
7%
1946 Phil Cavarretta
7%
1913 | 1914 Vic Saier
7%
1975 Andre Thornton
0%
1905 Billy Maloney
0%
1939 Hank Leiber
0%
1903 Johnny Kling
0%
1932 Johnny Moore
0%
1917 Larry Doyle
0%
1953 Ralph Kiner
0%
1921 | 1922 Ray Grimes
0%
No matching quizzes found
Score Distribution
Percent of People with Each Score
Percentile by Number Answered
Your Score History
You have not taken this quiz since the last reset